• 首页
  • 本馆介绍
  • 公告通知
  • 最新文献
  • 馆藏检索
  • 电子资源
  • 读者导购
  • 参考咨询
  • 我的图书馆
  • 登录
  • 详细信息显示
  • 放入我的书架
  • 预约/预借图书
  • 作者相关作品
  • 分类相关作品
  • 丛书相关作品
  • 出版社相关作品

书目信息

  • 表格格式
  • 工作单格式
  • 卡片格式
题名:
基于森林生态系统管理的人工林多功能经营技术研究
    
 
作者: 韩海荣 , 康峰峰 , 程小琴 著
分册:  
出版信息: 北京   中国林业出版社  2021.3
页数: 211页
开本: 23cm
丛书名:
单 册:
中图分类: S725.7
科图分类:
主题词: 人工林--森林经营--研究
电子资源:
ISBN: 978-7-5038-8326-2
000 01192nam0 2200277 45
001 012001001300
005 20140913135915.0
010    @a978-7-5038-8326-2@dCNY58.00
090    @aS725@bhhr
096    @aS725@bhhr
100    @a20160718d2015 em y0chiy50 ea
101 0  @achi
102    @aCN@b110000
105    @aa z 000yy
106    @ar
200 1  @a基于森林生态系统管理的人工林多功能经营技术研究@Aji yu sen lin sheng tai xi tong guan li de ren gong lin duo gong neng jing ying ji shu yan jiu@f韩海荣,康峰峰,程小琴等著
210    @a北京@c中国林业出版社@d2021.3
215    @a211页@c图@d23cm
330    @a本书以太岳山马泉林场为重点研究区域,通过密度调控试验,研究密度调控与生物多样性保持、碳汇能力、水源涵养功能、水土保持等生态效益以及与生产力的相瓦影响关系;利用多功能快速评价指标体系对山西太岳山森林经营局各油松人工林进行了快速评价,以期为太岳林区油松人工林科学经营提供一定的参考依据。
606 0  @a人工林@x森林经营@x研究
690    @aS725.7@v5
701  0 @a韩海荣@Ahan hai rong@f(1963.1~)@4著
701  0 @a康峰峰@Akang feng feng@f(1976~)@4著
701  0 @a程小琴@Acheng xiao qin@c(女,@f1982~)@4著
801  0 @aCN@bBJSDL@c20211011
905    @b1333833-6@dS725.7@e153@f4
    
    基于森林生态系统管理的人工林多功能经营技术研究/韩海荣,康峰峰,程小琴等著.-北京:中国林业出版社,2021.3
    211页:图;23cm
    
    
    ISBN 978-7-5038-8326-2:CNY58.00
    本书以太岳山马泉林场为重点研究区域,通过密度调控试验,研究密度调控与生物多样性保持、碳汇能力、水源涵养功能、水土保持等生态效益以及与生产力的相瓦影响关系;利用多功能快速评价指标体系对山西太岳山森林经营局各油松人工林进行了快速评价,以期为太岳林区油松人工林科学经营提供一定的参考依据。
●
相关链接 在E读中查询图书 在五车中查询图书 在当当中查询图书 在豆瓣中查询图书


正题名:基于森林生态系统管理的人工林多功能经营技术研究     索取号:S725.7/153         预约/预借

序号 登录号 条形码 馆藏地/架位号 状态 备注
1 1333833   213338333   第二样本阅览室/ [索取号:S725.7/153] 在馆    
2 1333834   213338342   第三借阅区/ [索取号:S725.7/153] 在馆    
3 1333835   213338351   第三借阅区/ [索取号:S725.7/153] 在馆    
4 1333836   213338360   第三借阅区/ [索取号:S725.7/153] 在馆    
唐山师范学院图书馆 欢迎您!
大连网信软件有限公司© 版权所有